Wage regulations
Uloženo v:
| Médium: | Kniha |
|---|---|
| Jazyk: | Undetermined |
| Vydáno: |
Japan
Business intercommunications Inc
1977
|
| Témata: | |
| Tagy: |
Přidat tag
Žádné tagy, Buďte první, kdo otaguje tento záznam!
|
| Thư viện lưu trữ: | Trung tâm Học liệu Trường Đại học Cần Thơ |
|---|
| LEADER | 00429nam a2200169Ia 4500 | ||
|---|---|---|---|
| 001 | CTU_79852 | ||
| 008 | 210402s9999 xx 000 0 und d | ||
| 082 | |a 331 | ||
| 082 | |b W129/Vol.2 | ||
| 245 | 0 | |a Wage regulations | |
| 260 | |a Japan | ||
| 260 | |b Business intercommunications Inc | ||
| 260 | |c 1977 | ||
| 650 | |a Wages | ||
| 650 | |z Japan | ||
| 904 | |i M.Loan,Hải | ||
| 980 | |a Trung tâm Học liệu Trường Đại học Cần Thơ | ||